000 00298 a2200145 4500
001 194966
040 _cMagnum
100 _aPorto, Cristina
240 1 0 _aJoana banana
_lpor
245 1 0 _aJoana banana
300 _a53
440 1 _aÁtica
697 _aLITERATURA INFANTO-JUVENIL
942 _cBK
999 _c194966
_d194966